Propuesta de manual en materia de higiene y seguridad para el taller central Jackson Jácamo de la alcaldía de Managua

Propone un manual en materia de higiene y seguridad laboral para el plantel central, identifica los peligros en el plantel, categoriza los riesgos, establece un plan de acción con las medidas preventivas para la reducción de riesgos laborales, elabora procedimientos en materia de higiene y segurid...

Full description

Bibliographic Details
Main Authors: Torres García, Ali Januar, Rocha Hernández, Ariel Efrain, Sevilla Rivera, Carlos Fernando
Other Authors: Tutor: Silvestri Jirón Pietro Marcelo
Format: Tesis Section = Libro
Language:Undetermined
Spanish
Published: Managua UNI 2020
Subjects:
LEADER 01327nam a2200277Ia 4500
008 240830s9999 xx 000 0 und d
040 |a BIBLIOTECA-RUPAP Mon 363.11 T693 
041 |a spa 
082 |a Mon 363.11 T693 
100 1 |a Torres García, Ali Januar 
100 1 |b  Rocha Hernández, Ariel Efrain 
100 1 |c  Sevilla Rivera, Carlos Fernando 
245 1 0 |a Propuesta de manual en materia de higiene y seguridad para el taller central Jackson Jácamo de la alcaldía de Managua 
260 |a Managua  |b UNI  |c 2020 
300 |a 278 p. :il. 
500 |a Contiene anexos y CD. 
502 |a Tesis (Ingeniero Industrial)- UNI, 2020. 
520 3 |a Propone un manual en materia de higiene y seguridad laboral para el plantel central, identifica los peligros en el plantel, categoriza los riesgos, establece un plan de acción con las medidas preventivas para la reducción de riesgos laborales, elabora procedimientos en materia de higiene y seguridad para las buenas practicas en los procesos productivos en el plantel central. 
650 7 |a SALUD OCUPACIONAL- NICARAGUA 
650 7 |b AMBIENTE DE TRABAJO- MEDIDAS DE SEGURIDAD 
650 7 |c SEGURIDAD INDUSTRIAL 
650 7 |d RIESGOS LABORALES- PREVENCION 
700 1 |a Tutor:  |b Silvestri Jirón Pietro Marcelo 
942 |c BK  |2 ddc 
991 |a TESIS 
999 |c 15506